000 00428nam a2200169Ia 4500
008 230524s9999 xx 000 0 und d
082 _a621.38
_bCHA
100 _aAbhijit Chakrabarti
245 0 _aPower System Analysis Operation and Control
250 _a1ST
260 _aNEW DELHI
_bPHI
_c2006
300 _a"XI,645"
500 _aQuantity Number: 32
650 _aElectrical
700 _a Sunita Halder
942 _cBK
999 _c37253
_d37253